Sieťová štruktúra zložená z améb

Sieťová štruktúra zložená z améb. Systém améba - nový štýl riadenia založený na autonómii, podnikateľskej pružnosti a sebariadení zamestnancov. Prvky systému améba.

Gespeichert in:
Bibliographische Detailangaben
1. Verfasser: Thomasová, Elena
Format: Buchkapitel
Sprache:Slowakisch
Schlagworte:
Tags: Tag hinzufügen
Keine Tags, Fügen Sie das erste Tag hinzu!

MARC

LEADER 00000nla$a2200000$$$4500
001 0145634
005 20240502072627.4
041 0 |a slo 
044 |a SK 
245 1 0 |a Sieťová štruktúra zložená z améb  |c Elena Thomasová 
520 |a Sieťová štruktúra zložená z améb. Systém améba - nový štýl riadenia založený na autonómii, podnikateľskej pružnosti a sebariadení zamestnancov. Prvky systému améba. 
610 2 0 |a štruktúra systémov 
610 2 0 |a štruktúra podniku organizačná 
610 2 0 |a riadenie 
610 2 0 |a autonómia 
610 2 0 |a zamestnanci 
610 2 0 |a jednotka organizačná 
100 1 |a Thomasová, Elena